Loading...
| History - American History | 5 | 2 | 0 | 0 | 95 | 27 | 60.14 | 3 | 6 |
| History - European History | 3 | 5 | 2 | 0 | 85 | 49 | 64.88 | 5 | 8 |
| Literature - European Literature | 1 | 7 | 0 | 2 | 85 | 65 | 105.75 | 3 | 5 |
| History - Other History | 2 | 5 | 0 | 2 | 80 | 22 | 80.57 | 4 | 5 |
| Religion | 1 | 6 | 0 | 1 | 75 | 53 | 90.00 | 2 | 6 |
| Literature - American Literature | 0 | 7 | 0 | 1 | 70 | 79 | 111.57 | 0 | 5 |
| Philosophy | 1 | 5 | 0 | 1 | 65 | 78 | 107.33 | 2 | 6 |
| Fine Arts - Other Fine Arts | 1 | 6 | 3 | 1 | 60 | 64 | 107.29 | 2 | 6 |
| Literature - British Literature | 0 | 6 | 0 | 0 | 60 | 69 | 112.17 | 1 | 4 |
| Current Events | 2 | 2 | 0 | 1 | 50 | 55 | 76.75 | 2 | 4 |
| Literature - World Literature | 0 | 5 | 0 | 0 | 50 | 86 | 116.40 | 1 | 4 |
| History - World History | 1 | 3 | 1 | 1 | 40 | 54 | 93.25 | 2 | 3 |
| Social Science | 0 | 4 | 3 | 0 | 25 | 85 | 98.25 | 2 | 4 |
| Mythology | 0 | 2 | 0 | 1 | 20 | 77 | 112.00 | 1 | 2 |
| Geography | 0 | 2 | 1 | 0 | 15 | 64 | 81.50 | 1 | 2 |
| Other Academic | 1 | 0 | 0 | 0 | 15 | 84 | 84.00 | 1 | 1 |
| Science - Chemistry | 0 | 1 | 0 | 0 | 10 | 75 | 75.00 | 1 | 1 |
| Science - Physics | 0 | 1 | 0 | 0 | 10 | 107 | 107.00 | 0 | 1 |
| Fine Arts - Visual Fine Arts | 0 | 2 | 2 | 0 | 10 | 117 | 122.00 | 0 | 1 |
| Fine Arts - Auditory Fine Arts | 0 | 1 | 1 | 0 | 5 | 157 | 157.00 | 0 | 1 |
| Science - Other Science | 0 | 1 | 1 | 0 | 5 | 117 | 117.00 | 0 | 1 |